000 00557nam a2200169 4500
008 170509b xxu||||| |||| 00| 0 eng d
020 _a0538600845
082 _21990
_aDC 332.024
_bR95m
100 _920782
_aRyan, Joan S
245 _aManaging your personal finances /
_cJoan S. Ryan
250 _aSecond Edition
260 _aCincinnati, Ohio :
_bSouth-Western Publishing Company,
_cc1990.
300 _aviii, 551 pages :
_billustrations (some colored) ;
_c24 cm.
500 _aIncludes index.
650 0 _920783
_aFinance, Personal
942 _2ddc
_cDC
999 _c6868
_d6868